• 首页
  • 本馆介绍
  • 公告通知
  • 最新文献
  • 馆藏检索
  • 电子资源
  • 读者导购
  • 参考咨询
  • 我的图书馆
  • 登录
  • 详细信息显示
  • 放入我的书架
  • 预约/预借图书
  • 作者相关作品
  • 分类相关作品
  • 丛书相关作品
  • 出版社相关作品

书目信息

  • 表格格式
  • 工作单格式
  • 卡片格式
题名:
科学养鹅
    
 
作者: 陈烈 编著
分册:  
出版信息: 北京   金盾出版社  1992.3
页数: 139页
开本: 19cm
丛书名:
单 册:
中图分类: S835
科图分类:
主题词: 鹅-饲养管理
电子资源:
ISBN: 7-80022-301-9
000 00742nam0 2200253 45
001 0192006205
005 20040520163246.6
010    @a7-80022-301-9@dCNY1.60
020    @aCN@b92006205
100    @a19920723d1992 em y0chiy0121 ea
101 0  @achi
102    @aCN@b110000
105    @af z 000yy
106    @ar
200 10 @a科学养鹅@Ake xue yang e@f陈 烈等编著@Fchen lie deng bian zhu
210    @a北京@c金盾出版社@d1992.3
215    @a139页@c照片@d19cm
330    @a本书内容包括:鹅的特点、品种、孵化技术、鹅场、鹅产品及常见鹅病防治等。
540 1  @a科学 养鹅@Ake xue yang e
606    @a鹅-饲养管理
690    @aS835@v3
701  0 @a陈烈@Achen lie@4编著
801  0 @aCN@bNLC@c19920723
905    @f2@b249810-811@dS835@e12
    
    科学养鹅/陈 烈等编著.-北京:金盾出版社,1992.3
    139页:照片;19cm
    
    
    ISBN 7-80022-301-9:CNY1.60
    本书内容包括:鹅的特点、品种、孵化技术、鹅场、鹅产品及常见鹅病防治等。
●
相关链接 在E读中查询图书 在五车中查询图书 在当当中查询图书 在豆瓣中查询图书


正题名:科学养鹅     索取号:S835/12         预约/预借

序号 登录号 条形码 馆藏地/架位号 状态 备注
1 0249810   000884056   密集书库/ [索取号:S835/12] 在馆    
2 0249811   000884127   密集书库/ [索取号:S835/12] 在馆    
3 0249812   000884118   第二样本阅览室/ [索取号:S835/12] 在馆    
唐山师范学院图书馆 欢迎您!
大连网信软件有限公司© 版权所有